<?xml version="1.0" encoding="UTF-8"?><?xml-stylesheet type="text/xsl" href="static/style.xsl"?><OAI-PMH xmlns="http://www.openarchives.org/OAI/2.0/" xmlns:xsi="http://www.w3.org/2001/XMLSchema-instance" xsi:schemaLocation="http://www.openarchives.org/OAI/2.0/ http://www.openarchives.org/OAI/2.0/OAI-PMH.xsd"><responseDate>2026-04-17T15:04:28Z</responseDate><request verb="GetRecord" identifier="oai:www.recercat.cat:10256/19541" metadataPrefix="marc">https://recercat.cat/oai/request</request><GetRecord><record><header><identifier>oai:recercat.cat:10256/19541</identifier><datestamp>2024-06-18T11:54:13Z</datestamp><setSpec>com_2072_452955</setSpec><setSpec>com_2072_2054</setSpec><setSpec>col_2072_452959</setSpec><setSpec>col_2072_453077</setSpec></header><metadata><record xmlns="http://www.loc.gov/MARC21/slim" xmlns:dcterms="http://purl.org/dc/terms/" xmlns:xsi="http://www.w3.org/2001/XMLSchema-instance" xmlns:doc="http://www.lyncode.com/xoai" xsi:schemaLocation="http://www.loc.gov/MARC21/slim http://www.loc.gov/standards/marcxml/schema/MARC21slim.xsd">
   <leader>00925njm 22002777a 4500</leader>
   <datafield ind2=" " ind1=" " tag="042">
      <subfield code="a">dc</subfield>
   </datafield>
   <datafield ind2=" " ind1=" " tag="720">
      <subfield code="a">Majdi, Nabil</subfield>
      <subfield code="e">author</subfield>
   </datafield>
   <datafield ind2=" " ind1=" " tag="720">
      <subfield code="a">Colls Lozano, Miriam</subfield>
      <subfield code="e">author</subfield>
   </datafield>
   <datafield ind2=" " ind1=" " tag="720">
      <subfield code="a">Weiss, Linette</subfield>
      <subfield code="e">author</subfield>
   </datafield>
   <datafield ind2=" " ind1=" " tag="720">
      <subfield code="a">Acuña i Salazar, Vicenç</subfield>
      <subfield code="e">author</subfield>
   </datafield>
   <datafield ind2=" " ind1=" " tag="720">
      <subfield code="a">Sabater, Sergi</subfield>
      <subfield code="e">author</subfield>
   </datafield>
   <datafield ind2=" " ind1=" " tag="720">
      <subfield code="a">Traunspurger, Walter</subfield>
      <subfield code="e">author</subfield>
   </datafield>
   <datafield ind2=" " ind1=" " tag="260">
      <subfield code="c">2020-11</subfield>
   </datafield>
   <datafield ind2=" " ind1=" " tag="520">
      <subfield code="a">Intermittent streams (IS) comprise a large proportion of the drainage network in many parts of the world. The non‐flow period of IS are known to impact stream biota because aquatic habitats dry out. However, less well understood are the relative effects of the temporal component of these drying events including their duration and frequency.&#xd;
Here, we characterised effects of temporal component of drying events on abundant and species‐rich meiofauna. The effects were assessed in 22 streams in the north‐eastern Iberian Peninsula. The duration and frequency of non‐flow events was characterized over a period of 250 days prior to sampling the sediment‐dwelling meiofauna in riffle zones that completely dried out.&#xd;
Overall, meiofauna abundances were amongst the highest ever reported for streambeds. Most meiofaunal taxa correlated positively with the frequency of drying events and correlated positively with the length of dry periods recorded shortly before sampling, suggesting that the community was able to recover quickly. Tardigrades were the only group to correlate positively with the longest dry periods, suggesting that they had the best resilience capabilities in streams that had experienced the longest droughts.&#xd;
On average, nematodes made up half of the meiofauna. We identified a total of 113 different nematode species. The nematode community was more taxonomically diverse in IS, with a smaller proportion of bacterivores and a higher proportion of fungivore species such as Filenchus vulgaris. Thereby resembling the trophic structure commonly observed in soil ecosystems.&#xd;
Our results show that most meiofauna were positively influenced by drying disturbance, that is being able to quickly recover after them. This suggests outstanding resilience capabilities, and points out meiofaunal organisms as key players for kick‐starting stream food webs and functions once flow returns</subfield>
   </datafield>
   <datafield ind2=" " ind1=" " tag="520">
      <subfield code="a">This study was supported by the SPACESTREAM project&#xd;
(CGL2017-88640-C2-1-R) from the Spanish Ministry of Economy&#xd;
and Competitiveness and the Consolidated Research Group&#xd;
ICRA-ENV (2017 SGR 1124) from the Economy and Knowledge&#xd;
Department of the Catalan Government</subfield>
   </datafield>
   <datafield ind1="8" ind2=" " tag="024">
      <subfield code="a">http://hdl.handle.net/10256/19541</subfield>
   </datafield>
   <datafield tag="653" ind2=" " ind1=" ">
      <subfield code="a">Cursos d'aigua intermitents</subfield>
   </datafield>
   <datafield tag="653" ind2=" " ind1=" ">
      <subfield code="a">Ephemeral streams</subfield>
   </datafield>
   <datafield tag="653" ind2=" " ind1=" ">
      <subfield code="a">Ecologia d'aigua dolça</subfield>
   </datafield>
   <datafield tag="653" ind2=" " ind1=" ">
      <subfield code="a">Freshwater ecology</subfield>
   </datafield>
   <datafield tag="653" ind2=" " ind1=" ">
      <subfield code="a">Biologia aquàtica</subfield>
   </datafield>
   <datafield tag="653" ind2=" " ind1=" ">
      <subfield code="a">Aquatic biology</subfield>
   </datafield>
   <datafield tag="653" ind2=" " ind1=" ">
      <subfield code="a">Biologia d'aigua dolça</subfield>
   </datafield>
   <datafield tag="653" ind2=" " ind1=" ">
      <subfield code="a">Freshwater biology</subfield>
   </datafield>
   <datafield ind2="0" ind1="0" tag="245">
      <subfield code="a">Duration and frequency of non‐flow periods affect the abundance and diversity of stream meiofauna</subfield>
   </datafield>
</record></metadata></record></GetRecord></OAI-PMH>